|
|
|
|
| LEADER |
01137nam a2200241 a 4500 |
| 001 |
0017003 |
| 003 |
BD-DhAAL |
| 008 |
090401r2007 ii a 000 0 eng d |
| 020 |
|
|
|a 9788175963344 (PBK)
|
| 020 |
|
|
|a 8175963344 (PBK)
|
| 040 |
|
|
|a BD-DhAAL
|c BD-DhAAL
|
| 082 |
0 |
0 |
|a 423.1
|2 22
|
| 100 |
1 |
|
|a Sasikumar, V.
|9 725
|
| 245 |
1 |
2 |
|a A course in listening & speaking I /
|c V. Sasikumar.
|
| 260 |
|
|
|a New Delhi :
|b Cambridge University Press,
|c 2007.
|
| 300 |
|
|
|a vii, 156 pages :
|b illustrations ;
|c 25 cm
|
| 526 |
|
|
|a CFL, BRACU
|x Beth Trudell
English Language Fellow, BRAC Institute of Languages (BIL)
|
| 541 |
1 |
|
|e 00017003
|a First English Education Institutes Limited
|
| 650 |
0 |
|
|a English Language
|x pronunciation
|v Textbook
|9 25986
|
| 852 |
4 |
|
|a Ayesha Abed Library
|c General Stacks
|
| 942 |
|
|
|2 ddc
|c BK
|
| 999 |
|
|
|c 6
|d 6
|
| 952 |
|
|
|0 0
|1 0
|2 ddc
|4 0
|6 423_100000000000000_SAS_2007
|7 0
|9 6
|a BRACUL
|b BRACUL
|c GEN
|d 2009-04-28
|e First English Education Institutes Limited
|g 222.00
|l 8
|m 14
|o 423.1 SAS
|p 3010017003
|r 2024-02-24
|s 2024-02-10
|t 1
|w 2009-04-28
|y BK
|x Requisitioned by Beth Trudell, English Language Fellow, BRAC Institute of Languages (BIL) ; Rs 150.00
|